| 000 | 00831nam a22002055i 4500 | ||
|---|---|---|---|
| 999 |
_c57802 _d57802 |
||
| 001 | 20676412 | ||
| 005 | 20201208142342.0 | ||
| 008 | 180920s2019 vau 000 0 eng | ||
| 020 | _a9781938548857 | ||
| 041 | _aeng | ||
| 080 | _a070+004.738 W-96 | ||
| 100 | 1 |
_aWynne, Robert. _99872 |
|
| 245 | 1 | 0 |
_aStraight talk about public relations : _bnew strategies on social media and content marketing / _cRobert Wynne. |
| 264 | 1 |
_aPalmyra : _bMaven House Press, _c2019. |
|
| 300 |
_a189 p. _b20 cm. |
||
| 653 | _aსაზოგადოებასთან ურთიერთობა | ||
| 653 | _aმედია | ||
| 653 | _a ახალი სტრატეგიები სოციალურ მედიასა და შინაარსობრივ მარკეტინგში | ||
| 942 |
_2udc _cBK |
||